| 000 | 00722nam a2200229 4500 | ||
|---|---|---|---|
| 001 | 107074 | ||
| 003 | ES-MaACL | ||
| 005 | 20260201184553.0 | ||
| 007 | t| | ||
| 008 | 061121s1978 sp r ||||1| spa d | ||
| 100 | 1 |
_aMorgan, Clifford T. _983511 |
|
| 245 | 1 | 0 |
_aIntroducción a la psicología / _cClifford T. Morgan; Richard A. King; Traducción de Rubén Ardila. |
| 250 | _a2ª. ed. | ||
| 260 |
_aMadrid : _bAguilar, _c1978. |
||
| 300 |
_aXX, 838 p. : _bil. ; _c24 cm. |
||
| 490 | 1 | _aPsicología y educación | |
| 700 | 1 |
_aKing, Richard A. _968067 |
|
| 700 | 1 |
_aArdila, Rubén, _d1942- _922545 |
|
| 830 | 0 | 0 |
_aPsicología y educación _9180908 |
| 852 |
_aES-MaACL _jA-10110 |
||
| 999 |
_c107074 _d107074 |
||